[Event "Wch Juvenil 2013 sub-18"]
[Site "Al-Ain UAE"]
[Date "2013.12.22"]
[Round "6.14"]
[White "De Filomeno, Simone"]
[Black "Martinez Romero, Martin"]
[Result "0-1"]
[WhiteElo "2431"]
[BlackElo "2381"]
[PlyCount "46"]
[EventDate "2013.12.19"]
[EventType "swiss"]
[EventRounds "11"]
[EventCountry "UAE"]
[Source "lmi"]
[SourceDate "2013.12.19"]

1. d4 Nf6 2. c4 g6 3. Nf3 Bg7 4. g3 O-O 5. Bg2 d6 6. O-O c6 7. Nc3 Qb6 8. c5
dxc5 9. Na4 Qd8 10. Nxc5 Nbd7 11. Nd3 Nb6 12. h3 Bf5 13. Nc5 Qc8 14. g4 Be4 15.
g5 Bxf3 16. gxf6 Bxg2 17. fxg7 Qxh3 18. gxf8=Q+ Rxf8 19. f3 Rd8 20. Bf4 Qh1+
21. Kf2 Bxf1 22. Qxf1 Qh4+ 23. Bg3 Qxd4+ 0-1

[Event "Wch Juvenil 2013 sub-18"]
[Site "Al-Ain UAE"]
[Date "2013.12.22"]
[Round "6.15"]
[White "Johansson, Linus"]
[Black "Laurusas, Tomas"]
[Result "1/2-1/2"]
[WhiteElo "2314"]
[BlackElo "2431"]
[PlyCount "95"]
[EventDate "2013.12.19"]
[EventType "swiss"]
[EventRounds "11"]
[EventCountry "UAE"]
[Source "lmi"]
[SourceDate "2013.12.19"]

1. d4 Nf6 2. c4 g6 3. Nc3 d5 4. Nf3 Bg7 5. Qb3 dxc4 6. Qxc4 O-O 7. e4 Nfd7 8.
Be3 Nb6 9. Qb3 Bg4 10. O-O-O a5 11. a4 Nc6 12. d5 Nb4 13. h3 Bd7 14. Nd4 c5 15.
Ne6 fxe6 16. dxe6 Bxa4 17. Nxa4 Bd4 18. Nxc5 Bxe3+ 19. Qxe3 Qc7 20. Kb1 Na4 21.
Rc1 Nxc5 22. Rxc5 Qd6 23. Be2 Rad8 24. f3 a4 25. h4 a3 26. bxa3 Qb6 27. Rc3 Rd4
28. Rb3 Ra8 29. h5 Rxa3 30. hxg6 Rxb3+ 31. Qxb3 hxg6 32. Qb2 Qd6 33. Rc1 Nc6
34. Rc4 Rd2 35. Rc2 Rxc2 36. Qxc2 Nd4 37. Qb2 Qc5 38. Bd3 b5 39. f4 b4 40. Qc1
Qd6 41. e5 Qd5 42. Qc4 Qxc4 43. Bxc4 g5 44. g3 gxf4 45. gxf4 Kg7 46. Kc1 Kg6
47. Bd3+ Kg7 48. Bc4 1/2-1/2

[Event "Wch Juvenil 2013 sub-18"]
[Site "Al-Ain UAE"]
[Date "2013.12.22"]
[Round "6.16"]
[White "Radovanovic, Nikola"]
[Black "Mons, Leon"]
[Result "1/2-1/2"]
[WhiteElo "2272"]
[BlackElo "2428"]
[PlyCount "28"]
[EventDate "2013.12.19"]
[EventType "swiss"]
[EventRounds "11"]
[EventCountry "UAE"]
[Source "lmi"]
[SourceDate "2013.12.19"]

1. e4 e5 2. Nf3 Nc6 3. d4 exd4 4. Nxd4 Bb4+ 5. c3 Bc5 6. Be3 Bb6 7. Nf5 Bxe3 8.
Nxe3 d6 9. Be2 Nge7 10. O-O O-O 11. Nd2 Kh8 12. f4 f5 13. Bd3 d5 14. exd5 Nxd5
1/2-1/2

[Event "Wch Juvenil 2013 sub-18"]
[Site "Al-Ain UAE"]
[Date "2013.12.22"]
[Round "6.17"]
[White "Hernandez Sanchez, Jairo Andre"]
[Black "Grover, Sahaj"]
[Result "1/2-1/2"]
[WhiteElo "2298"]
[BlackElo "2485"]
[PlyCount "110"]
[EventDate "2013.12.19"]
[EventType "swiss"]
[EventRounds "11"]
[EventCountry "UAE"]
[Source "lmi"]
[SourceDate "2013.12.19"]

1. e4 e5 2. Nf3 Nc6 3. Bc4 Nf6 4. d3 h6 5. c3 d6 6. Nbd2 g6 7. O-O Bg7 8. a4
O-O 9. a5 a6 10. b4 d5 11. Bb3 Be6 12. Re1 b5 13. axb6 cxb6 14. Bb2 Qc7 15. Ra3
Rfd8 16. Qa1 Qb7 17. Qa2 dxe4 18. dxe4 Bxb3 19. Qxb3 Rd3 20. Qc4 Rd6 21. Qe2 b5
22. Nb3 Nd7 23. Bc1 Nb6 24. Be3 Nc4 25. Raa1 f5 26. Nfd2 Qf7 27. Bc5 Nxd2 28.
Nxd2 Rd7 29. Nf1 f4 30. Red1 Nb8 31. Nd2 Rc7 32. Nf3 Nd7 33. Rd5 Nxc5 34. bxc5
Qe8 35. Ra5 Kh7 36. h4 Qe7 37. c4 b4 38. Qb2 Rb8 39. Rxa6 Rxc5 40. Rad6 Rxd5
41. Rxd5 g5 42. hxg5 hxg5 43. Qd2 b3 44. Rd7 Qf6 45. Rd6 b2 46. Rxf6 b1=Q+ 47.
Kh2 Bxf6 48. Qd7+ Kg6 49. Qf5+ Kg7 50. Qd7+ Kf8 51. Qd6+ Be7 52. Qh6+ Ke8 53.
Qc6+ Kf8 54. Qh6+ Ke8 55. Qc6+ Kf8 1/2-1/2

[Event "Wch Juvenil 2013 sub-18"]
[Site "Al-Ain UAE"]
[Date "2013.12.22"]
[Round "6.18"]
[White "Olund, Joar"]
[Black "Bortnyk, Olexandr"]
[Result "1/2-1/2"]
[WhiteElo "2236"]
[BlackElo "2474"]
[PlyCount "94"]
[EventDate "2013.12.19"]
[EventType "swiss"]
[EventRounds "11"]
[EventCountry "UAE"]
[Source "lmi"]
[SourceDate "2013.12.19"]

1. d4 Nf6 2. c4 e6 3. Nf3 c5 4. d5 exd5 5. cxd5 Bd6 6. Nc3 O-O 7. Bg5 Bc7 8. d6
Ba5 9. e3 h6 10. Bh4 Qb6 11. Bxf6 Qxb2 12. Rc1 gxf6 13. Qd2 Qxd2+ 14. Nxd2 Bxc3
15. Rxc3 b6 16. Ne4 Kg7 17. Ng3 Bb7 18. Rc4 Rg8 19. Rf4 Kf8 20. Bc4 Nc6 21. Nh5
Ne5 22. Nxf6 Rg6 23. Be2 Bxg2 24. Rg1 Bh3 25. Rxg6 Nxg6 26. Ra4 a5 27. Bb5 Rd8
28. f4 Nh4 29. Kf2 Kg7 30. Nh5+ Kg6 31. Ng3 f5 32. Ne2 Bg4 33. Nc3 Kf6 34. Bc4
Rb8 35. Ra3 Nf3 36. Nd5+ Kg7 37. Rb3 Nd2 38. Rxb6 Ne4+ 39. Ke1 Rd8 40. Bd3 Bf3
41. Ne7 Kf6 42. Nd5+ Ke6 43. Nc7+ Kf7 44. Bc4+ Kg6 45. Nd5 Kh5 46. Ne7 Kg4 47.
Bf1 c4 1/2-1/2

[Event "Wch Juvenil 2013 sub-18"]
[Site "Al-Ain UAE"]
[Date "2013.12.22"]
[Round "6.19"]
[White "Santos Latasa, Jaime"]
[Black "Aleman Hernandez, Andres"]
[Result "1-0"]
[WhiteElo "2467"]
[BlackElo "2110"]
[PlyCount "85"]
[EventDate "2013.12.19"]
[EventType "swiss"]
[EventRounds "11"]
[EventCountry "UAE"]
[Source "lmi"]
[SourceDate "2013.12.19"]

1. Nf3 c5 2. g3 Nc6 3. Bg2 Nf6 4. O-O g6 5. c4 Bg7 6. Nc3 O-O 7. d4 d6 8. d5
Nb4 9. h3 e5 10. e4 Ne8 11. Bg5 f6 12. Bd2 f5 13. Ng5 Nc7 14. a3 Nba6 15. Rb1
h6 16. Nf3 g5 17. b4 f4 18. Ne1 Qf6 19. Kh2 Qg6 20. Bf3 fxg3+ 21. fxg3 g4 22.
hxg4 Bxg4 23. Kg2 cxb4 24. axb4 h5 25. Bxg4 hxg4 26. Nd3 Rxf1 27. Qxf1 Rf8 28.
Qe2 Ne8 29. c5 Rf7 30. Rh1 Bf8 31. cxd6 Bxd6 32. Rh6 Qg7 33. Rh5 Rf6 34. Nxe5
Bxe5 35. Rxe5 Nd6 36. Rh5 Rg6 37. e5 Ne8 38. b5 Nc5 39. Qc4 b6 40. d6+ Ne6 41.
Nd5 Qf7 42. Ne7+ Kg7 43. Rf5 1-0

[Event "Wch Juvenil 2013 sub-18"]
[Site "Al-Ain UAE"]
[Date "2013.12.22"]
[Round "6.20"]
[White "Goryachkina, Aleksandra"]
[Black "Draskovic, Luka"]
[Result "1/2-1/2"]
[WhiteElo "2428"]
[BlackElo "2282"]
[PlyCount "70"]
[EventDate "2013.12.19"]
[EventType "swiss"]
[EventRounds "11"]
[EventCountry "UAE"]
[Source "lmi"]
[SourceDate "2013.12.19"]

1. d4 Nf6 2. c4 e6 3. Nf3 Bb4+ 4. Bd2 a5 5. g3 d6 6. Bg2 Nbd7 7. Nc3 O-O 8. O-O
e5 9. dxe5 dxe5 10. Qc2 c6 11. Rfd1 Qc7 12. a3 Be7 13. Be1 g6 14. h3 Nc5 15. b4
axb4 16. axb4 Rxa1 17. Rxa1 Na6 18. Na2 Rd8 19. Bc3 e4 20. Nh2 e3 21. f4 Be6
22. c5 Qd7 23. g4 Bd5 24. Rd1 Qe6 25. f5 Be4 26. fxe6 Bxc2 27. Rxd8+ Bxd8 28.
exf7+ Kxf7 29. Nf1 Ne4 30. Bxe4 Bxe4 31. Nxe3 Bg5 32. Kf2 Bh4+ 33. Kg1 Bg5 34.
Kf2 Bh4+ 35. Kg1 Bg5 1/2-1/2

[Event "Wch Juvenil 2013 sub-18"]
[Site "Al-Ain UAE"]
[Date "2013.12.22"]
[Round "6.21"]
[White "Barbot, Pierre"]
[Black "Meylan, Andre"]
[Result "1-0"]
[WhiteElo "2404"]
[BlackElo "2193"]
[PlyCount "38"]
[EventDate "2013.12.19"]
[EventType "swiss"]
[EventRounds "11"]
[EventCountry "UAE"]
[Source "lmi"]
[SourceDate "2013.12.19"]

1. d4 Nf6 2. Nf3 e6 3. e3 b6 4. Bd3 Bb7 5. O-O d5 6. b3 Bd6 7. Bb2 O-O 8. Nbd2
Nbd7 9. Ne5 c5 10. f4 Qc8 11. f5 cxd4 12. exd4 Nxe5 13. dxe5 Bc5+ 14. Kh1 Ne4
15. f6 g6 16. Qe2 Qc6 17. Rf4 Nxd2 18. Qxd2 Rfd8 19. Rh4 h5 1-0

[Event "Wch Juvenil 2013 sub-18"]
[Site "Al-Ain UAE"]
[Date "2013.12.22"]
[Round "6.23"]
[White "Starcevs, Dmitrijs"]
[Black "Horvath, David"]
[Result "1-0"]
[WhiteElo "2178"]
[BlackElo "2351"]
[PlyCount "75"]
[EventDate "2013.12.19"]
[EventType "swiss"]
[EventRounds "11"]
[EventCountry "UAE"]
[Source "lmi"]
[SourceDate "2013.12.19"]

1. e4 e6 2. d4 d5 3. Nc3 Nf6 4. e5 Nfd7 5. f4 c5 6. Nf3 Nc6 7. Be3 Be7 8. Qd2
O-O 9. dxc5 Bxc5 10. O-O-O Qb6 11. Bxc5 Nxc5 12. Kb1 Rd8 13. Nd4 Ne4 14. Qe3
Nxc3+ 15. Qxc3 Bd7 16. h4 Rac8 17. Qe3 Nxd4 18. Qxd4 Qa5 19. h5 h6 20. g4 Bb5
21. g5 Bxf1 22. Rhxf1 Qc5 23. Qd2 hxg5 24. fxg5 d4 25. Qh2 d3 26. c3 Qe3 27. h6
Qe2 28. Qf4 Qh5 29. hxg7 Qg6 30. Rd2 Qxg7 31. Qf6 Rd5 32. Re1 Rcc5 33. Rh1 Qxf6
34. gxf6 Rxe5 35. Rdh2 Rh5 36. Rxh5 Rxh5 37. Rxh5 d2 38. Kc2 1-0

[Event "Wch Juvenil 2013 sub-18"]
[Site "Al-Ain UAE"]
[Date "2013.12.22"]
[Round "6.24"]
[White "Igambergenov, Alibek"]
[Black "Badalyan, Shavarsh"]
[Result "1/2-1/2"]
[WhiteElo "2323"]
[BlackElo "2077"]
[PlyCount "84"]
[EventDate "2013.12.19"]
[EventType "swiss"]
[EventRounds "11"]
[EventCountry "UAE"]
[Source "lmi"]
[SourceDate "2013.12.19"]

1. d4 Nf6 2. c4 e6 3. Nf3 Bb4+ 4. Bd2 Qe7 5. g3 Nc6 6. Bg2 Bxd2+ 7. Nbxd2 d6 8.
h3 O-O 9. O-O a5 10. b3 e5 11. d5 Nb8 12. e4 Na6 13. Ne1 Nc5 14. a3 Bd7 15. b4
axb4 16. axb4 Na6 17. Nd3 c6 18. Rc1 cxd5 19. cxd5 Bb5 20. Nc4 Rac8 21. Qb3 Nd7
22. Rfd1 Bxc4 23. Rxc4 Nb6 24. Rcc1 Rxc1 25. Rxc1 Rc8 26. Rxc8+ Nxc8 27. Qc4
Qc7 28. Qb5 Kf8 29. h4 Na7 30. Qa4 Qb6 31. Bf1 Ke7 32. Bh3 Nb5 33. Nb2 Nac7 34.
Nc4 Qd4 35. Qc2 Qc3 36. Qe2 Qxb4 37. Nb6 Nc3 38. Qg4 Nxe4 39. Qd7+ Kf6 40. Qf5+
Ke7 41. Qd7+ Kf6 42. Qf5+ Ke7 1/2-1/2

[Event "Wch Juvenil 2013 sub-18"]
[Site "Al-Ain UAE"]
[Date "2013.12.22"]
[Round "6.25"]
[White "Emiroglu, Cankut"]
[Black "Saraci, Nderim"]
[Result "1-0"]
[WhiteElo "2309"]
[BlackElo "2047"]
[PlyCount "49"]
[EventDate "2013.12.19"]
[EventType "swiss"]
[EventRounds "11"]
[EventCountry "UAE"]
[Source "lmi"]
[SourceDate "2013.12.19"]

1. e4 e5 2. Nf3 Nc6 3. Bb5 a6 4. Ba4 Nf6 5. O-O Be7 6. Re1 b5 7. Bb3 O-O 8. h3
d6 9. c3 Na5 10. Bc2 c5 11. d4 Nc6 12. a4 Bb7 13. d5 Nb8 14. b4 Nbd7 15. Be3
bxa4 16. bxc5 Bc8 17. c6 Nb6 18. Nbd2 Qc7 19. c4 Ne8 20. Qe2 g6 21. Nxe5 Bf6
22. Rab1 Nxd5 23. exd5 dxe5 24. Bb6 Qe7 25. Ne4 1-0

[Event "Wch Juvenil 2013 sub-18"]
[Site "Al-Ain UAE"]
[Date "2013.12.22"]
[Round "6.27"]
[White "Studer, Noel"]
[Black "El Jawich, Amro"]
[Result "1/2-1/2"]
[WhiteElo "2385"]
[BlackElo "2156"]
[PlyCount "87"]
[EventDate "2013.12.19"]
[EventType "swiss"]
[EventRounds "11"]
[EventCountry "UAE"]
[Source "lmi"]
[SourceDate "2013.12.19"]

1. e4 c5 2. Nf3 d6 3. d4 cxd4 4. Nxd4 Nf6 5. Nc3 a6 6. Be3 e5 7. Nf3 Be7 8. Bc4
O-O 9. O-O Qc7 10. Bb3 Be6 11. Bg5 Nbd7 12. Qe2 b5 13. Rfd1 Rfc8 14. Bxf6 Nxf6
15. Rac1 Bc4 16. Qe1 Qc5 17. Bxc4 Qxc4 18. Nd2 Qc6 19. Nf1 b4 20. Nd5 Nxd5 21.
Rxd5 Qa4 22. b3 Qxa2 23. Ne3 Bg5 24. Ra1 Qb2 25. Nc4 Qxc2 26. Nb6 Qxb3 27. Rxd6
Rd8 28. Rxd8+ Rxd8 29. Nd5 Qb2 30. Rb1 Qd2 31. Qf1 Rb8 32. Qxa6 b3 33. Qd6 Rd8
34. Qxe5 Qc2 35. Rf1 Bc1 36. Ne7+ Kh8 37. Nf5 Bb2 38. Qa5 Bf6 39. Qa4 g6 40.
Ne3 Qa2 41. Qc4 Kg7 42. Nd5 Qc2 43. Qa4 Qd3 44. Qa3 1/2-1/2

[Event "Wch Juvenil 2013 sub-18"]
[Site "Al-Ain UAE"]
[Date "2013.12.22"]
[Round "6.28"]
[White "Shetty, Atulya"]
[Black "Dolnak, Michal"]
[Result "1/2-1/2"]
[WhiteElo "2350"]
[BlackElo "2164"]
[PlyCount "92"]
[EventDate "2013.12.19"]
[EventType "swiss"]
[EventRounds "11"]
[EventCountry "UAE"]
[Source "lmi"]
[SourceDate "2013.12.19"]

1. c4 e5 2. g3 Nf6 3. Bg2 c6 4. d4 exd4 5. Qxd4 d5 6. Nc3 Be6 7. Nf3 dxc4 8.
Qxd8+ Kxd8 9. Ng5 Nbd7 10. Nxe6+ fxe6 11. Bh3 e5 12. f4 Bd6 13. Be3 exf4 14.
Bxf4 Bxf4 15. gxf4 Nc5 16. Rg1 g6 17. Rg5 Nce4 18. Nxe4 Nxe4 19. Re5 Nf6 20.
Rc1 Kc7 21. Re7+ Kb6 22. Rxc4 Nd5 23. Rd7 Rae8 24. Kd2 Rd8 25. Rd4 Rxd7 26.
Bxd7 Kc5 27. e3 b5 28. Be6 a5 29. Bxd5 cxd5 30. Ke2 Re8 31. Rd2 Re4 32. Kd3 a4
33. a3 Rc4 34. h4 b4 35. axb4+ Kxb4 36. h5 Kb3 37. hxg6 hxg6 38. Rg2 Rb4 39.
Rf2 Ka2 40. Rg2 Kb3 41. Rh2 Ka2 42. Rg2 Rxb2 43. Rxg6 a3 44. f5 Rf2 45. e4 Rf3+
46. Kd4 dxe4 1/2-1/2

[Event "Wch Juvenil 2013 sub-18"]
[Site "Al-Ain UAE"]
[Date "2013.12.22"]
[Round "6.29"]
[White "Ladva, Ottomar"]
[Black "Hughes, John L"]
[Result "1-0"]
[WhiteElo "2337"]
[BlackElo "2155"]
[PlyCount "113"]
[EventDate "2013.12.19"]
[EventType "swiss"]
[EventRounds "11"]
[EventCountry "UAE"]
[Source "lmi"]
[SourceDate "2013.12.19"]

1. d4 d5 2. c4 e6 3. Nc3 c5 4. cxd5 exd5 5. Nf3 Nc6 6. g3 Nf6 7. Bg2 Be7 8. O-O
O-O 9. dxc5 Bxc5 10. a3 Ne4 11. Qc2 Nxc3 12. Qxc3 Be7 13. Nd4 Qb6 14. Be3 Bf6
15. Nxc6 Qxc6 16. Qd2 Qb5 17. Bd4 Bxd4 18. Qxd4 Qxe2 19. Rfe1 Qg4 20. Qxg4 Bxg4
21. Bxd5 Rfd8 22. Bxb7 Rab8 23. Re7 Rd7 24. Rxd7 Bxd7 25. Bf3 Rxb2 26. Rd1 Be8
27. Rd8 Kf8 28. Bc6 Re2 29. Ra8 Re1+ 30. Kg2 g6 31. a4 Re6 32. Bb5 h5 33. a5 a6
34. Bxe8 Rxe8 35. Rxa6 Re2 36. Kf3 Ra2 37. Ra7 Kg7 38. a6 Ra4 39. Ke3 Kf6 40.
f4 Kg7 41. Kd3 Kf6 42. Kc3 Ke6 43. Kb3 Ra1 44. Kb4 Rb1+ 45. Kc5 Ra1 46. Kb6
Rb1+ 47. Kc7 Ra1 48. Kd8 f6 49. Re7+ Kf5 50. a7 Kg4 51. Rg7 Kf3 52. Rxg6 Kf2
53. Rg7 Kf3 54. Kc8 f5 55. Kb8 Rb1+ 56. Rb7 Ra1 57. Rb3+ 1-0

[Event "Wch Juvenil 2013 sub-18"]
[Site "Al-Ain UAE"]
[Date "2013.12.22"]
[Round "6.30"]
[White "Grigorian, Roudolph"]
[Black "Mindlin, Alon"]
[Result "0-1"]
[WhiteElo "2101"]
[BlackElo "2307"]
[PlyCount "38"]
[EventDate "2013.12.19"]
[EventType "swiss"]
[EventRounds "11"]
[EventCountry "UAE"]
[Source "lmi"]
[SourceDate "2013.12.19"]

1. e4 e5 2. Nf3 Nc6 3. d4 exd4 4. Nxd4 Nf6 5. Nc3 Bb4 6. Nxc6 bxc6 7. Bd3 d5 8.
exd5 cxd5 9. O-O O-O 10. h3 Be6 11. Qf3 Rb8 12. Bf4 Bd6 13. b3 c5 14. Bxd6 Qxd6
15. Ne2 c4 16. Bf5 Bxf5 17. Qxf5 Rfe8 18. Qf4 Qxf4 19. Nxf4 g5 0-1

[Event "Wch Juvenil 2013 sub-18"]
[Site "Al-Ain UAE"]
[Date "2013.12.22"]
[Round "6.31"]
[White "Schreiner, Till"]
[Black "Igonin, Temur"]
[Result "0-1"]
[WhiteElo "2304"]
[BlackElo "2109"]
[PlyCount "76"]
[EventDate "2013.12.19"]
[EventType "swiss"]
[EventRounds "11"]
[EventCountry "UAE"]
[Source "lmi"]
[SourceDate "2013.12.19"]

1. d4 d5 2. c4 dxc4 3. Nf3 Nf6 4. e3 e6 5. Bxc4 c5 6. O-O a6 7. a4 Nc6 8. Qe2
cxd4 9. Rd1 Be7 10. exd4 O-O 11. Nc3 Nd5 12. Be3 b6 13. Rac1 Ncb4 14. Ne5 Bb7
15. Qg4 Kh8 16. Nxd5 Nxd5 17. Bd3 Nxe3 18. fxe3 Bd6 19. Nf3 f5 20. Qh3 Rf6 21.
Ng5 Qg8 22. Qh5 Raf8 23. Qe2 Rh6 24. Nh3 g5 25. Bxa6 Ba8 26. d5 exd5 27. Rc2 f4
28. exf4 gxf4 29. Qd2 Bc5+ 30. Nf2 f3 31. g3 Rg6 32. Kh1 Rxg3 33. Qe1 Re8 34.
Qf1 Rg2 35. b4 Bd6 36. Ng4 Qxg4 37. Rxg2 fxg2+ 38. Qxg2 Qxd1+ 0-1

[Event "Wch Juvenil 2013 sub-18"]
[Site "Al-Ain UAE"]
[Date "2013.12.22"]
[Round "6.32"]
[White "Teh, Eu Wen Aron"]
[Black "Megalios, Konstantinos"]
[Result "0-1"]
[WhiteElo "2272"]
[BlackElo "2106"]
[PlyCount "76"]
[EventDate "2013.12.19"]
[EventType "swiss"]
[EventRounds "11"]
[EventCountry "UAE"]
[Source "lmi"]
[SourceDate "2013.12.19"]

1. d4 Nf6 2. c4 e6 3. Nc3 Bb4 4. Qc2 Nc6 5. Nf3 d6 6. Bd2 e5 7. d5 Bxc3 8. Bxc3
Ne7 9. e4 O-O 10. Be2 Ng6 11. g3 a5 12. h4 Bg4 13. Nh2 Bxe2 14. Qxe2 Nd7 15.
Ng4 Ne7 16. Ne3 Nc5 17. Qc2 Qd7 18. O-O-O f5 19. exf5 Nxf5 20. Ng2 b5 21. cxb5
Qxb5 22. Rhe1 Na4 23. Ne3 Nxc3 24. bxc3 Rab8 25. Nxf5 Rxf5 26. Rd2 Rf3 27. Kd1
Qc5 28. c4 a4 29. Re4 a3 30. Kc1 Rb2 31. Qa4 Rxd2 32. Qe8+ Rf8 33. Qe6+ Kh8 34.
Kxd2 Qxf2+ 35. Re2 Qd4+ 36. Ke1 Qa1+ 37. Kd2 Qxa2+ 38. Kd3 Rf3+ 0-1

[Event "Wch Juvenil 2013 sub-18"]
[Site "Al-Ain UAE"]
[Date "2013.12.22"]
[Round "6.33"]
[White "Kisic, Bozidar"]
[Black "Kenneskog, Theodor"]
[Result "0-1"]
[WhiteElo "2130"]
[BlackElo "2270"]
[PlyCount "78"]
[EventDate "2013.12.19"]
[EventType "swiss"]
[EventRounds "11"]
[EventCountry "UAE"]
[Source "lmi"]
[SourceDate "2013.12.19"]

1. d4 e6 2. c4 Nf6 3. Nc3 Bb4 4. a3 Bxc3+ 5. bxc3 b6 6. f3 Ba6 7. e4 Nc6 8. Bd3
Na5 9. Qe2 c5 10. e5 Ng8 11. Nh3 cxd4 12. Nf2 dxc3 13. Ne4 Nb7 14. Qc2 Qc7 15.
Qa4 Na5 16. Nd6+ Kf8 17. Be3 Ne7 18. O-O Nc8 19. Be4 Rb8 20. Rfd1 Nxd6 21. exd6
Qd8 22. Bd4 Bxc4 23. Bxc3 Bb3 24. Qd4 e5 25. Qxe5 f6 26. Qg3 Bxd1 27. Rxd1 Rc8
28. Bd4 Nb3 29. Bb2 Nc5 30. Bd5 Ne6 31. Re1 Rc5 32. Rd1 Kf7 33. f4 g6 34. f5
Rxd5 35. Rxd5 Ng7 36. Qb3 Kf8 37. g4 h5 38. g5 fxg5 39. Qc3 Rg8 0-1

[Event "Wch Juvenil 2013 sub-18"]
[Site "Al-Ain UAE"]
[Date "2013.12.22"]
[Round "6.34"]
[White "Iyti, Basher"]
[Black "Mejak, Severin"]
[Result "0-1"]
[WhiteElo "2269"]
[BlackElo "2104"]
[PlyCount "66"]
[EventDate "2013.12.19"]
[EventType "swiss"]
[EventRounds "11"]
[EventCountry "UAE"]
[Source "lmi"]
[SourceDate "2013.12.19"]

1. Nf3 Nf6 2. c4 c5 3. Nc3 g6 4. e3 Bg7 5. d4 cxd4 6. exd4 O-O 7. Be2 d5 8. O-O
dxc4 9. Bxc4 Nc6 10. h3 a6 11. a3 b5 12. Ba2 Bb7 13. Bg5 Rc8 14. Rc1 Na5 15.
Ne5 Nc4 16. Qe2 Qxd4 17. Nxc4 bxc4 18. Qxe7 Qb6 19. Qe3 Qc6 20. f3 Rfe8 21. Qf2
Bf8 22. Kh1 Bc5 23. Qh4 Nh5 24. Bb1 Qc7 25. f4 Re3 26. Kh2 Rce8 27. Rc2 Ng3 28.
Rg1 Nf5 29. Qf2 Rxc3 30. Qxc5 Rxh3+ 31. Kxh3 Qxc5 32. Kh2 Ne3 33. Rc3 Ng4+ 0-1

[Event "Wch Juvenil 2013 sub-18"]
[Site "Al-Ain UAE"]
[Date "2013.12.22"]
[Round "6.35"]
[White "De Abreu, Roberto N"]
[Black "Lokander, Martin"]
[Result "0-1"]
[WhiteElo "2013"]
[BlackElo "2246"]
[PlyCount "104"]
[EventDate "2013.12.19"]
[EventType "swiss"]
[EventRounds "11"]
[EventCountry "UAE"]
[Source "lmi"]
[SourceDate "2013.12.19"]

1. d4 Nf6 2. c4 e6 3. g3 c5 4. d5 exd5 5. cxd5 d6 6. Nc3 g6 7. Bg2 Bg7 8. Nf3
O-O 9. O-O Re8 10. Nd2 a6 11. a4 Nbd7 12. h3 Rb8 13. Nc4 Ne5 14. Na3 Nh5 15. e4
Bd7 16. a5 Qxa5 17. g4 Nf6 18. f4 Nexg4 19. hxg4 Nxg4 20. f5 h5 21. Bg5 Qb4 22.
f6 Bh8 23. Qd2 Qd4+ 24. Qxd4 cxd4 25. Na2 Re5 26. Bf4 Bxf6 27. Bxe5 Bxe5 28.
Bh3 d3 29. Rad1 f5 30. Bxg4 hxg4 31. Rxd3 fxe4 32. Rd2 b5 33. Nb4 Rc8 34. Nxa6
e3 35. Re2 Bf5 36. Nb4 Kg7 37. Rd1 Bf4 38. Nbc2 b4 39. Nxe3 bxa3 40. Nxf5+ gxf5
41. bxa3 Kf6 42. a4 Ra8 43. Ra2 Be3+ 44. Kg2 f4 45. a5 Kf5 46. Ra4 Rh8 47. Rf1
f3+ 48. Rxf3+ gxf3+ 49. Kxf3 Bc5 50. a6 Ke5 51. Ra2 Rf8+ 52. Kg4 Kxd5 0-1

[Event "Wch Juvenil 2013 sub-18"]
[Site "Al-Ain UAE"]
[Date "2013.12.22"]
[Round "6.36"]
[White "Arias, Pablo"]
[Black "Klabis, Rokas"]
[Result "0-1"]
[WhiteElo "2084"]
[BlackElo "2239"]
[PlyCount "51"]
[EventDate "2013.12.19"]
[EventType "swiss"]
[EventRounds "11"]
[EventCountry "UAE"]
[Source "lmi"]
[SourceDate "2013.12.19"]

1. e4 c5 2. Nf3 Nc6 3. d4 cxd4 4. Nxd4 g6 5. Nc3 Bg7 6. Be3 Nf6 7. Bc4 O-O 8.
O-O d6 9. h3 Bd7 10. f4 Qb6 11. Qd3 Qc7 12. Rad1 Rfc8 13. Nxc6 Bxc6 14. Bb3 b5
15. f5 b4 16. Nd5 Bxd5 17. Bxd5 Nxd5 18. Qxd5 Qc4 19. fxg6 hxg6 20. Qb7 Bf6 21.
b3 Qc6 22. Qxb4 Bc3 23. Qa3 Qxe4 24. Qc1 Bb2 25. Qb1 Qxe3+ 26. Kh1 0-1

[Event "Wch Juvenil 2013 sub-18"]
[Site "Al-Ain UAE"]
[Date "2013.12.22"]
[Round "6.37"]
[White "Gstach, Jakob"]
[Black "Madi, Aslan"]
[Result "1/2-1/2"]
[WhiteElo "2227"]
[BlackElo "2099"]
[PlyCount "125"]
[EventDate "2013.12.19"]
[EventType "swiss"]
[EventRounds "11"]
[EventCountry "UAE"]
[Source "lmi"]
[SourceDate "2013.12.19"]

1. g3 Nf6 2. Bg2 d5 3. Nf3 Bf5 4. c4 c6 5. cxd5 cxd5 6. Qb3 Qb6 7. Qxb6 axb6 8.
Nc3 e6 9. d3 Be7 10. O-O O-O 11. Bf4 h6 12. Rfc1 Nbd7 13. a3 Bh7 14. b4 Rfc8
15. Nb5 Rc6 16. Kf1 g5 17. Bd2 Ng4 18. h3 Nge5 19. Nfd4 Rcc8 20. Rxc8+ Rxc8 21.
Rc1 Rxc1+ 22. Bxc1 Nc6 23. Nxc6 bxc6 24. Na7 c5 25. b5 c4 26. dxc4 dxc4 27. Nc6
Bf6 28. Ke1 Bc2 29. Be3 Ba4 30. Nd4 c3 31. Be4 Nc5 32. Bb1 Bxd4 33. Bxd4 c2 34.
Bxc2 Bxc2 35. Bxc5 bxc5 36. Kd2 Ba4 37. b6 Bc6 38. Kc3 Kf8 39. Kc4 Ke7 40. Kxc5
Kd7 41. f4 gxf4 42. gxf4 h5 43. h4 f6 44. e3 f5 45. Kb4 Kc8 46. a4 Bf3 47. a5
Be2 48. Kc5 Kd7 49. Kd4 Kd6 50. b7 Kc7 51. Ke5 Kxb7 52. Kxe6 Bg4 53. Ke5 Ka6
54. e4 fxe4 55. Kxe4 Kxa5 56. f5 Kb6 57. f6 Be6 58. Ke5 Bb3 59. Kd6 Kb5 60. Ke7
Kc6 61. f7 Bxf7 62. Kxf7 Kd5 63. Kg6 1/2-1/2

[Event "Wch Juvenil 2013 sub-18"]
[Site "Al-Ain UAE"]
[Date "2013.12.22"]
[Round "6.38"]
[White "Atanasov, Anatoli"]
[Black "Lkhagvasuren, Tsedvee"]
[Result "1-0"]
[WhiteElo "2041"]
[BlackElo "2292"]
[PlyCount "171"]
[EventDate "2013.12.19"]
[EventType "swiss"]
[EventRounds "11"]
[EventCountry "UAE"]
[Source "lmi"]
[SourceDate "2013.12.19"]

1. d4 Nf6 2. c4 e6 3. Nf3 b6 4. g3 Ba6 5. b3 Bb7 6. Bg2 Bb4+ 7. Bd2 c5 8. Bxb4
cxb4 9. Nbd2 O-O 10. O-O d6 11. Re1 Nbd7 12. Ng5 Bxg2 13. Kxg2 Qc7 14. e4 e5
15. Ngf3 Rfe8 16. a3 bxa3 17. Rxa3 Qb7 18. d5 a5 19. Ng1 Nc5 20. f3 b5 21. cxb5
Qxb5 22. Nc4 Ra6 23. Ne2 Rea8 24. Qc2 Ne8 25. Nc3 Qb4 26. Rea1 Nb7 27. Ra4 Qc5
28. b4 Qxc4 29. b5 Qc8 30. bxa6 Rxa6 31. R4a2 Qd7 32. Na4 Nd8 33. Rc1 f5 34.
Qc8 Ra7 35. Qxd7 Rxd7 36. Nb6 Rb7 37. Rc8 Rxb6 38. Rxd8 Kf7 39. Rxa5 Nf6 40.
exf5 Rb7 41. Rxd6 e4 42. Rxf6+ Kxf6 43. fxe4 Ke5 44. Ra4 Rb2+ 45. Kh3 g6 46.
fxg6 hxg6 47. Ra6 Kxe4 48. Rxg6 Kxd5 49. Rf6 Ke5 50. Rf1 Ke6 51. g4 Rc2 52. Kg3
Rb2 53. h4 Rb3+ 54. Rf3 Rb1 55. g5 Rg1+ 56. Kf4 Kf7 57. Rb3 Kg7 58. Kf5 Rf1+
59. Kg4 Rf7 60. h5 Ra7 61. h6+ Kh7 62. Kh5 Ra5 63. Rb7+ Kg8 64. Rb6 Kh7 65. Re6
Rb5 66. Re7+ Kg8 67. Kg6 Rb6+ 68. Kf5 Rb5+ 69. Re5 Rb1 70. g6 Rf1+ 71. Kg5 Rg1+
72. Kf6 Rf1+ 73. Rf5 Rg1 74. Ra5 Rf1+ 75. Ke5 Re1+ 76. Kf4 Rf1+ 77. Ke3 Re1+
78. Kf2 Re8 79. Ra7 Kh8 80. Kf3 Rb8 81. Re7 Rb3+ 82. Kf4 Rb4+ 83. Kf5 Rb5+ 84.
Kf6 Rb8 85. Rd7 Kg8 86. Ke7 1-0